Korona Kielce 2024-25 squad - Statistics

General Stats
  • This quiz has been taken 71 times
    44 since last reset
  • The average score is 25 of 35
Answer Stats
Squad No. Position Nationality Answer % Correct
20. FW ESP Adrián Dalmau
96%
11. MF ESP Nono
96%
87. GK POL Rafał Mamla
96%
1. GK POL Xavier Dziekoński
96%
7. MF POL Dawid Błanik
92%
8. MF BEL Martin Remacle
92%
66. (C) DF POL Miłosz Trojak
92%
27. MF POR Pedro Nuno
92%
10. MF JPN Shuma Nagamatsu
92%
2. DF CAN Dominick Zator
88%
9. FW BLR Evgeniy Shikavka
88%
37. DF POL Hubert Zwoźny
88%
17. MF POL Mariusz Fornalczyk
88%
5. DF ESP Pau Resta
88%
4. DF POL Piotr Malarczyk
84%
71. MF POL Wiktor Długosz
84%
99. FW POL Daniel Bąk
80%
21. (autumn) MF MEX Danny Trejo
76%
6. DF POL Marcel Pięczek
76%
13. MF POL Miłosz Strzeboński
72%
24. DF POL Bartłomiej Smolarczyk
68%
19. MF POL Jakub Konstantyn
64%
3. DF POL Konrad Matuszewski
64%
28. DF CAN Marcus Godinho
60%
88. MF POL Wojciech Kamiński
60%
18. MF ISR Yoav Hofmeister
56%
73. GK POL Marcel Zapytowski
52%
77. (autumn) MF POL Adam Chojecki
48%
44. (spring) DF CYP Constantinos Soteriou
48%
98. (autumn) MF POL Mateusz Czyżycki
44%
12. (spring) GK POL Michał Mikielewicz
36%
15. (autumn) DF POL Igor Kośmicki
32%
16. (autumn) MF POL Jakub Kowalski
32%
21. (spring) DF POL Konrad Ciszek
32%
- DF POL Radosław Seweryś
20%
No matching quizzes found
Score Distribution
Percent of People with Each Score
Percentile by Number Answered
Your Score History
You have not taken this quiz since the last reset